All legendary Pokémon (Gen 1-9) - Statistics

General Stats
  • This quiz has been taken 128 times
  • The average score is 48 of 71
Answer Stats
Pokédex No. Pokémon 1st Type 2nd Type % Correct
Kanto 145 Zapdos Electric Flying
97%
Kanto 144 Articuno Ice Flying
95%
Kanto 150 Mewtwo Psychic
94%
Kanto 146 Moltres Fire Flying
94%
Hoenn 383 Groudon Ground
92%
Johto 250 Ho-oh Fire Flying
91%
Hoenn 382 Kyogre Water
91%
Johto 244 Entei Fire
90%
Johto 249 Lugia Psychic Flying
89%
Hoenn 384 Rayquaza Dragon Flying
89%
Hoenn 378 Regice Ice
89%
Hoenn 377 Regirock Rock
89%
Hoenn 379 Registeel Steel
89%
Sinnoh 483 Dialga Steel Dragon
86%
Sinnoh 484 Palkia Water Dragon
86%
Johto 243 Raikou Electric
84%
Hoenn 381 Latios Dragon Psychic
83%
Johto 245 Suicune Water
83%
Hoenn 380 Latias Dragon Psychic
82%
Unova 644 Zekrom Dragon Electric
80%
Sinnoh 486 Regigigas Normal
79%
Unova 643 Reshiram Dragon Fire
79%
Sinnoh 487 Giratina Ghost Dragon
78%
Kalos 717 Yveltal Dark Flying
78%
Alola 785 Tapu Koko Electric Fairy
74%
Kalos 716 Xerneas Fairy
74%
Alola 791 Solgaleo Psychic Steel
72%
Alola 792 Lunala Psychic Ghost
71%
Alola 788 Tapu Fini Water Fairy
71%
Alola 786 Tapu Lele Psychic Fairy
70%
Kalos 718 Zygarde Dragon Ground
70%
Sinnoh 482 Azelf Psychic
69%
Sinnoh 485 Heatran Fire Steel
68%
Unova 646 Kyurem Dragon Ice
68%
Unova 645 Landorus Ground Flying
68%
Sinnoh 481 Mesprit Psychic
68%
Sinnoh 480 Uxie Psychic
68%
Galar 889 Zamazenta Fighting
68%
Alola 800 Necrozma Psychic
67%
Alola 787 Tapu Bulu Grass Fairy
67%
Galar 888 Zacian Fairy
67%
Alola 789 Cosmog Psychic
64%
Unova 638 Cobalion Steel Fighting
63%
Unova 641 Tornadus Flying
63%
Unova 639 Terrakion Rock Fighting
62%
Unova 640 Virizion Grass Fighting
62%
Unova 642 Thundurus Electric Flying
60%
Alola 790 Cosmoem Psychic
59%
Sinnoh 488 Cresselia Psychic
59%
Galar 890 Eternatus Poison Dragon
59%
Galar 894 Regieleki Electric
59%
Galar 895 Regidrago Dragon
55%
Galar 892 Urshifu Fighting Dark or Water
55%
Paldea 1007 Koraidon Fighting Dragon
54%
Paldea 1008 Miraidon Electric Dragon
54%
Galar 891 Kubfu Fighting
53%
Hisui 905 Enamorus Fairy Flying
48%
Alola 772 Type: Null Normal
47%
Paldea 1002 Chien-Pao Dark Ice
46%
Galar 898 Calyrex Psychic Grass
45%
Alola 773 Silvally Normal
45%
Paldea 1001 Wo-Chien Dark Grass
45%
Paldea 1014 Okidogi Poison Fighting
44%
Paldea 1004 Chi-Yu Dark Fire
43%
Galar 897 Spectrier Ghost
41%
Paldea 1003 Ting-Lu Dark Ground
41%
Galar 896 Glastrier Ice
40%
Paldea 1024 Terapagos Normal
40%
Paldea 1016 Fezandipiti Poison Fairy
39%
Paldea 1015 Munkidori Poison Psychic
39%
Paldea 1017 Ogerpon Grass
39%
No matching quizzes found
Score Distribution
Percent of People with Each Score
Percentile by Number Answered
Your Score History
You have not taken this quiz